000 00811nam2a22002171 4500
001 RU\NLR\A1SV\97151
005 20251203152403.2
035 _a(NLR Aleph) 009778504
090 _a13485247
_c13485247
100 _a20090820d1925 u y0rusy50 ca
101 0 _arus
200 1 _aКогти двуногих тигров
215 _a16 с.
_cил.
461 1 _1001RU\NLR\A1SV\97148
_12000#$vВып.4
_910085810
_aПанов, Н.Н. (1903-1973)
_cМ.
_d1925
_fНаписан Д.Туманным [псевд.]
_nРабочая Москва
_oРоман приключений из жизни соврем. Китая
_tДети Черного Дракона
_vВып.4
801 0 _aRU
_bNLR
_c20090820
899 _aРНБ
_j40/1548(4)
942 _cBOOK
980 _aA1SV
980 _aA1SV
980 _aNB